000 01189nam a2200373 4500
001 24617
010 _a9789899071858
021 _aPT
_b526238/24
090 _a24617
100 _a20250811d2024 c y0pory50030103ba
101 1 _apor
_cfre
102 _aPT
105 _aa z 000fy
106 _ar
200 1 _aA sopa da pedra
_fAlain Serge Dzotap, Irène Schoch
_gtrad. Maria Afonso
210 9 _aLisboa
_cOrfeu Negro
_d2024
215 _a[26] p.
_cil.
_d29 cm
225 2 _aOrfeu mini
324 _aTit. orig.: La soupe aux cailloux moelleux
330 _aEram tempos de fome. Há semanas que Leuk, a lebre, não trincava nada. Mas mesmo de barriga vazia, Leuk tinha sempre qualquer coisa na manga... ao longe, avistou uma aldeia e bateu à primeira porta que encontrou. Lá de dentro, resmungou Bouki, a hiena, conhecida pela sua avareza e gulodice. "Não vim mendigar comida — sossegou-a Leuk — empresta-me só uma panela, suja ou limpa, para cozinhar uma sopa da pedra. Com pedras moles." Bouki fica desconfiada, mas será que consegue resistir? Popular em vários lugares do mundo, a história da sopa da pedra fala-nos de encontros e de partilha. Um caldo apurado, feito por todos e com que todos se regalam!
606 _aLiteratura infantil
_xConto
675 _a087.5
_vBN
_zpor
675 _a821.133.1(671.1)-93"20"
_vBN
_zpor
700 1 _aDzotap
_bAlain Serge
_f1978-
701 1 _aSchoch
_bIrène
_4440
702 1 _aAfonso
_bMaria
_4730
801 0 _aPT
_bBEDB
_gRPC
942 _n0
_cMON